000
00259nam a2200097Ia 4500
008
220204s9999 xx 000 0 und d
082
_a
354.82:633.72/74
_b
COF
245
0
_a
Coffee board office manual. V 1
260
_a
Bangalore
_b
Coffee Board
_c
1958
942
_c
BK
999
_c
20100
_d
20100